000 00424pab a2200145 454500
008 180718b1990 xxu||||| |||| 00| 0 eng d
100 _aVenkatapathy, R.
245 _aPerception of top management leadership styles and climate
_bA study of public and private executives
260 _c1990
300 _a303-4
362 _aJan.
650 _aLeadership
773 _aIndian Journal of Indusrial Relations
909 _a12885
999 _c12885
_d12885